000 00823cam a2200277 a 4500
001 37804
003 BD-RjUL
005 20211209052646.0
008 001115s2001 caua b 001 0 eng
020 _a9788126513864
035 _a(BD-RjUL)37909
040 _aDLC
_cBD-RjUL
_beng
041 _aeng
082 0 0 _a621.3692
_221
_bAGF 2012
100 1 _aAgrawal, Govind P.
_9117145
245 1 0 _aFiber-Optics Communication Systems /
_cGovind P. Agrawal.
250 _a3rd ed.
260 _aIndia :
_bWiley,
_cc2002 [2012 repriented]
300 _axvii, 546 p. :
_bill. ;
_c23 cm.
490 1 _aOptics and photonics
504 _aIncludes bibliographical references and index.
650 0 _aFiber optics.
_9117146
650 0 _aNonlinear optics.
_9117147
830 0 _aOptics and photonics.
_9117148
942 _2ddc
_cBK
999 _c37804
_d37804